000 nam a22 7a 4500
999 _c8390
_d8390
008 180116b ||||| |||| 00| 0 eng d
100 _aVaid.N.K.
_94799
245 _aWho cares for Tribaldev
260 _aNew Delhi
_c2004